000
00283nam a22001217a 4500
082
_a
001
_b
RAM/K
100
_a
RAMESH, M.S
245
_a
KEYBOARD MADE SIMPLE
260
_a
BANGALORE
_b
SADHANA PUBLICATIONS
300
_a
91
650
_a
MUSICAL INSTRUMENTS TRAINING
_z
INDIA
942
_c
BK
999
_c
1933
_d
1933